000 00647nam a2200229Ia 4500
005 20260429111907.0
008 260429s9999||||xx |||||||||||||| ||und||
020 _a9781032276571
041 _aEnglish
082 _a624.15132
_bOHT
100 _aOhta, Takehiro
245 0 _aRock mechanics and engineering geology in volcanic fields /
_cTakehiro Ohta
260 _aBoca Raton :
_bCRC Press,
_c2023.
300 _axiv, 478 p.; pbk
650 _a Engineering geology
650 _a Rock mechanics
650 _a Volcanic fields
650 _aCivil engineering
700 _a Ito, Takatoshi
700 _a Osada, Masahiko
942 _cTB
999 _c51310
_d51310